Records of MLB Teams since 1998 - Statistics

General Stats
  • This quiz has been taken 45 times
    17 since last reset
  • The average score is 22 of 30
Answer Stats
Win-loss record Division MLB Team % Correct
2,492-1,942 NL West Los Angeles Dodgers
100%
2,592-1,838 AL East New York Yankees
100%
2,437-1,993 NL East Atlanta Braves
92%
2,420-2,013 AL East Boston Red Sox
92%
2,219-2,214 NL Central Chicago Cubs
85%
2,244-2,189 NL East New York Mets
85%
2,308-2,124 NL West San Francisco Giants
85%
2,415-2,015 NL Central St. Louis Cardinals
85%
2,168-2,264 AL East Tampa Bay Rays
85%
2,267-2,165 AL West Athletics
77%
2,037-2,395 AL East Baltimore Orioles
77%
2,001-2,434 NL West Colorado Rockies
77%
2,314-2,118 AL West Houston Astros
77%
2,205-2,228 NL Central Milwaukee Brewers
77%
2,167-2,267 NL West Arizona Diamondbacks
69%
2,320-2,111 AL Central Cleveland Guardians
69%
2,261-2,173 AL West Los Angeles Angels
69%
2,028-2,402 NL East Miami Marlins
69%
2,267-2,166 NL East Philadelphia Phillies
69%
2,220-2,213 AL West Seattle Mariners
69%
2,201-2,234 AL West Texas Rangers
69%
2,243-2,190 AL East Toronto Blue Jays
69%
2,126-2,307 AL Central Chicago White Sox
62%
2,117-2,318 NL Central Cincinnati Reds
62%
1,955-2,477 AL Central Kansas City Royals
62%
2,187-2,246 AL Central Minnesota Twins
62%
1,985-2,443 NL Central Pittsburgh Pirates
62%
2,150-2,285 NL West San Diego Padres
62%
2,077-2,355 NL East Washington Nationals
62%
2,062-2,366 AL Central Detroit Tigers
54%
No matching quizzes found
Score Distribution
Percent of People with Each Score
Percentile by Number Answered
Your Score History
You have not taken this quiz since the last reset